-
VERMA,DR.N.K & KHANNA, S.K. AND KAPILA, DR.B
Entry Personal Name
Number of records used in: 1
001 - CONTROL NUMBER
003 - CONTROL NUMBER IDENTIFIER
005 - DATE AND TIME OF LATEST TRANSACTION
- control field:
20240902111051.0
008 - FIXED-LENGTH DATA ELEMENTS
- fixed length control field:
240902|| aca||aabn | a|a d
040 ## - CATALOGING SOURCE
- Original cataloging agency:
JRU
- Transcribing agency:
JRU
100 ## - HEADING--PERSONAL NAME
- Personal name:
VERMA,DR.N.K & KHANNA, S.K. AND KAPILA, DR.B
670 ## - SOURCE DATA FOUND
- Source citation:
Work cat.: (JRU)8626: VERMA,DR.N.K & KHANNA, S.K. AND KAPILA, DR.B., COMPREHENSIVE CHEMISTRY FOR CLASS XII